Le droit des immigrés en question (Registro nro. 31948)
[ vista simple ]
| 000 -CABECERA | |
|---|---|
| Longitud fija campo de control | 00975naa a2200289 c 4500 |
| 001 - NÚMERO DE CONTROL | |
| Número de control | 31948 |
| 003 - IDENTIFICADOR DE NÚMERO DE CONTROL | |
| Identificador del número de control | ES-MaCES |
| 005 - FECHA Y HORA DE LA ÚLTIMA TRANSACCIÓN | |
| Fecha y hora de la última transacción | 20000719104100.0 |
| 008 - CAMPO FIJO DE DESCRIPCIÓN FIJA--INFORMACIÓN GENERAL | |
| Códigos de información de longitud fija | 000719n2000 fr ||| | fre d |
| 035 ## - NÚMERO DE CONTROL DEL SISTEMA | |
| Número de control del sistema | CES20000004857v |
| 040 ## - FUENTE DE CATALOGACIÓN | |
| Centro catalogador de origen | ES-MaCES |
| Lengua de catalogación | spa |
| Centro transcriptor | ES-MaCES |
| 100 1# - ENCABEZAMIENTO PRINCIPAL--NOMBRE PERSONAL | |
| Nombre de persona | Vincent, Catherine |
| 9 (RLIN) | 25973 |
| 245 13 - MENCIÓN DE TÍTULO | |
| Título | Le droit des immigrés en question |
| Resto del título | : de la précarité à l'intégration sociale |
| Mención de responsabilidad, etc. | Catherine Vincent |
| 504 ## - NOTA DE BIBLIOGRAFÍA, ETC. | |
| Nota de bibliografía, etc. | Bibliografía: p. 34 |
| 650 #4 - ASIENTO SECUNDARIO DE MATERIA--TÉRMINO DE MATERIA | |
| Término de materia o nombre geográfico como elemento inicial | España |
| 9 (RLIN) | 26964 |
| 650 #4 - ASIENTO SECUNDARIO DE MATERIA--TÉRMINO DE MATERIA | |
| Término de materia o nombre geográfico como elemento inicial | país de acogida |
| 9 (RLIN) | 29799 |
| 650 #4 - ASIENTO SECUNDARIO DE MATERIA--TÉRMINO DE MATERIA | |
| Término de materia o nombre geográfico como elemento inicial | integración social |
| 9 (RLIN) | 27283 |
| 650 #4 - ASIENTO SECUNDARIO DE MATERIA--TÉRMINO DE MATERIA | |
| Término de materia o nombre geográfico como elemento inicial | discriminación racial |
| 9 (RLIN) | 27190 |
| 650 #4 - ASIENTO SECUNDARIO DE MATERIA--TÉRMINO DE MATERIA | |
| Término de materia o nombre geográfico como elemento inicial | mercado de trabajo |
| 9 (RLIN) | 28292 |
| 650 #4 - ASIENTO SECUNDARIO DE MATERIA--TÉRMINO DE MATERIA | |
| Término de materia o nombre geográfico como elemento inicial | trabajador migrante |
| 9 (RLIN) | 28408 |
| 650 #4 - ASIENTO SECUNDARIO DE MATERIA--TÉRMINO DE MATERIA | |
| Término de materia o nombre geográfico como elemento inicial | inmigrante |
| 9 (RLIN) | 28631 |
| 653 10 - TÉRMINO DE INDEXACIÓN--NO CONTROLADO | |
| Término no controlado | Asuntos Sociales |
| 773 0# - ENTRADA DE DOCUMENTO FUENTE | |
| Título | IRES |
| Parte(s) relacionada(s) | nº 63 (mars 2000){10260 R. 036619}; p. 30-34 |
| Número de control del registro relacionado | (ES-MaCES)25273 |
| Itemnumber del ítem fuente | 46699 |
| 902 ## - CES. TIPO DE DOCUMENTO | |
| Tipodoc (006$c Sirtex) | ART Artículo de revista |
| 942 ## - ELEMENTOS KOHA | |
| Fuente de clasificaión o esquema | Clasificación propia del CES |
| Koha [por defecto] tipo de item | Artículos (1982-2017) |
| Parte de clasificación | 3.3. |
No hay ítems disponibles.
